00699nam a2200169Ia 4500008004100000020005500041040000800096082001800104100002900122245009400151260000900245264003100254942001300285952010700298952010700405999001700512231129s2012||||xx |||||||||||||| ||spa|| a978-958-45-34000-2  bspa a658.812 V182u aVallejo López Gabriel 0aUn paso adelante: cómo lograr la ventaja competitiva a través del servicio al cliente c2012 aBogotá Colombia : Norma 2ddccBKS 00102ddc4070aBRCbBRCd2017-01-18l0o658.812 V182up38589r2023-11-29 21:31:25t1w2023-11-29yBK 00102ddc4070aBRCbBRCd2017-01-18l0o658.812 V182up38590r2023-11-29 21:31:25t2w2023-11-29yBK c25888d25888